[Event "IECC Y2KO email"]
[Site "IECC email"]
[Date "1999.10.14"]
[Round "?"]
[White "Mihaylov, Vladimir"]
[Black "Lynch, John Jr"]
[Result "0-1"]
[WhiteElo "1145"]
[BlackElo "1816"]
[PlyCount "40"]
[EventDate "1999.??.??"]
[EventType "tourn (corr)"]
[EventRounds "2"]
[SourceTitle "Corr 2008"]
[Source "ChessBase"]
[SourceDate "2008.06.24"]
[SourceVersion "1"]
[SourceVersionDate "2008.06.24"]
[SourceQuality "1"]

1. e4 d6 2. d4 Nf6 3. Nc3 g6 4. Nf3 Bg7 5. h3 0-0 6. Bd3 Nc6 7. a3 e5 8. d5 Ne7 9. Ne2 Nexd5 10. exd5 e4 11. Bxe4 Nxe4 12. 0-0 c5 13. dxc6 bxc6 14. c3 Ba6 15. Re1 Qb6 16. Ned4 d5 17. Qa4 c5 18. Nc2 Bb5 19. Qb3 c4 20. Qa2 Qxf2+ 0-1

[Event "IECC M email"]
[Site "IECC email"]
[Date "1999.09.17"]
[Round "?"]
[White "Mihaylov, Vladimir"]
[Black "Mottershead, Richard"]
[Result "1-0"]
[WhiteElo "1151"]
[BlackElo "1159"]
[PlyCount "53"]
[EventDate "1999.??.??"]
[EventType "tourn (corr)"]
[EventRounds "6"]
[SourceTitle "Corr 2008"]
[Source "ChessBase"]
[SourceDate "2008.06.24"]
[SourceVersion "1"]
[SourceVersionDate "2008.06.24"]
[SourceQuality "1"]

1. d4 d5 2. c4 e6 3. Nc3 Nf6 4. Nf3 Nbd7 5. c5 c6 6. e3 Be7 7. Bd3 0-0 8. h3 h6 9. 0-0 b6 10. b4 Nh7 11. e4 f6 12. Nh2 f5 13. e5 Bg5 14. Nf3 Bxc1 15. Rxc1 b5 16. Ne2 g5 17. Ng3 Qe8 18. Nh2 Rf7 19. Qh5 Kg7 20. f4 Qf8 21. h4 g4 22. Nxg4 fxg4 23. f5 exf5 24. Nxf5+ Kh8 25. Nxh6 Rxf1+ 26. Rxf1 Qg7 27. Rf7 1-0

[Event "IECC M email"]
[Site "IECC email"]
[Date "1999.09.11"]
[Round "?"]
[White "Mihaylov, Vladimir"]
[Black "Robertson, John"]
[Result "1-0"]
[WhiteElo "1137"]
[BlackElo "961"]
[PlyCount "51"]
[EventDate "1999.??.??"]
[EventType "tourn (corr)"]
[EventRounds "6"]
[SourceTitle "Corr 2008"]
[Source "ChessBase"]
[SourceDate "2008.06.24"]
[SourceVersion "1"]
[SourceVersionDate "2008.06.24"]
[SourceQuality "1"]

1. e4 e5 2. Nf3 Nc6 3. Nc3 d6 4. Bc4 h6 5. d3 Nf6 6. a3 Bg4 7. h3 Be6 8. Bxe6 fxe6 9. Nh4 Ne7 10. f4 g6 11. Nf3 exf4 12. Bxf4 e5 13. Be3 Qd7 14. 0-0 0-0-0 15. b4 Bg7 16. a4 Nh5 17. Bxa7 b6 18. a5 d5 19. axb6 c6 20. Na4 dxe4 21. Nc5 Qf5 22. Nd2 Nf4 23. b7+ Kc7 24. Nc4 Qg5 25. Bb6+ Kb8 26. Ra8# 1-0

[Event "IECC KO email"]
[Site "IECC email"]
[Date "1999.05.10"]
[Round "?"]
[White "Mihaylov, Vladimir"]
[Black "Arnold, Lee"]
[Result "0-1"]
[WhiteElo "1125"]
[BlackElo "1554"]
[PlyCount "58"]
[EventDate "1999.??.??"]
[EventType "tourn (corr)"]
[EventRounds "6"]
[SourceTitle "Corr 2008"]
[Source "ChessBase"]
[SourceDate "2008.06.24"]
[SourceVersion "1"]
[SourceVersionDate "2008.06.24"]
[SourceQuality "1"]

1. e4 e5 2. Nf3 Nc6 3. Nc3 Nf6 4. Bc4 Bc5 5. d3 d6 6. Bg5 h6 7. Bh4 g5 8. Nxg5 hxg5 9. Bxg5 Rg8 10. Qd2 Bb4 11. f4 Na5 12. Bb3 Nxb3 13. axb3 exf4 14. h4 f3 15. gxf3 Qe7 16. 0-0-0 Qe5 17. d4 Qa5 18. Qe3 Nh7 19. e5 Nxg5 20. hxg5 d5 21. Kb1 Bf5 22. f4 0-0-0 23. Rh6 Rh8 24. Rdh1 Rxh6 25. Rxh6 Be7 26. Qf3 Qb4 27. Qd1 Qxb3 28. Kc1 Qc4 29. Ne2 Bg4 0-1

[Event "IECC Quad email"]
[Site "IECC email"]
[Date "1999.01.23"]
[Round "?"]
[White "Huang, Peter"]
[Black "Mihaylov, Vladimir"]
[Result "1/2-1/2"]
[WhiteElo "1060"]
[BlackElo "1056"]
[PlyCount "79"]
[EventDate "1999.??.??"]
[EventType "tourn (corr)"]
[EventRounds "6"]
[SourceTitle "Corr 2008"]
[Source "ChessBase"]
[SourceDate "2008.06.24"]
[SourceVersion "1"]
[SourceVersionDate "2008.06.24"]
[SourceQuality "1"]

1. e4 e5 2. Nf3 Nf6 3. Nc3 Nc6 4. d4 d6 5. d5 Ne7 6. Bc4 h6 7. 0-0 Ng6 8. b4 Bg4 9. Qd3 Be7 10. Bb5+ Bd7 11. Bxd7+ Qxd7 12. a4 a6 13. b5 axb5 14. Nxb5 c6 15. dxc6 bxc6 16. Nc3 Nh5 17. h3 Bg5 18. Bxg5 hxg5 19. Nxg5 f6 20. Nf3 Nhf4 21. Qe3 Rxh3 22. gxh3 Qxh3 23. Nh4 Qxh4 24. Qg3 Qh5 25. Rfd1 Nh4 26. f3 Nxf3+ 27. Kf2 Ng5 28. Ke3 Nxe4 29. Qf3 Nxc3 30. Qxc6+ Kf7 31. Kd2 Nxd1 32. Qxa8 Qe2+ 33. Kc1 Ne3 34. Qc6 Qe1+ 35. Kb2 Qb4+ 36. Ka2 Qc4+ 37. Qxc4+ Nxc4 38. Kb3 d5 39. a5 Nxa5+ 40. Rxa5 1/2-1/2

[Event "IECC O email"]
[Site "IECC email"]
[Date "1999.01.13"]
[Round "?"]
[White "Gardner, Tony"]
[Black "Mihaylov, Vladimir"]
[Result "0-1"]
[WhiteElo "956"]
[BlackElo "1011"]
[PlyCount "26"]
[EventDate "1999.??.??"]
[EventType "tourn (corr)"]
[EventRounds "6"]
[SourceTitle "Corr 2008"]
[Source "ChessBase"]
[SourceDate "2008.06.24"]
[SourceVersion "1"]
[SourceVersionDate "2008.06.24"]
[SourceQuality "1"]

1. e4 e5 2. Nf3 Nc6 3. c3 Nf6 4. Bc4 Bd6 5. d3 h6 6. Na3 a6 7. 0-0 0-0 8. h3 b5 9. Bb3 Bb7 10. Ng5 hxg5 11. Bxg5 Be7 12. h4 Nh7 13. Bxe7 Nxe7 0-1

[Event "IECC KO email"]
[Site "IECC email"]
[Date "1999.01.13"]
[Round "?"]
[White "Jones, Alan Brian"]
[Black "Mihaylov, Vladimir"]
[Result "1/2-1/2"]
[WhiteElo "1122"]
[BlackElo "1129"]
[PlyCount "60"]
[EventDate "1999.??.??"]
[EventType "tourn (corr)"]
[EventRounds "6"]
[SourceTitle "Corr 2008"]
[Source "ChessBase"]
[SourceDate "2008.06.24"]
[SourceVersion "1"]
[SourceVersionDate "2008.06.24"]
[SourceQuality "1"]

1. e4 e5 2. Nf3 Nf6 3. Nc3 Nc6 4. Bb5 Bd6 5. 0-0 0-0 6. d3 h6 7. a3 Re8 8. h3 Bc5 9. Re1 Nd4 10. Bc4 c6 11. Na4 Bd6 12. Ba2 b5 13. Nc3 b4 14. axb4 Bxb4 15. Bd2 d5 16. exd5 Nxf3+ 17. Qxf3 cxd5 18. Rad1 d4 19. Ne4 Bxd2 20. Nxf6+ Qxf6 21. Qxf6 gxf6 22. Rxd2 Be6 23. Bxe6 fxe6 24. f3 a5 25. Ra1 a4 26. Rdd1 Rec8 27. Rdc1 Rab8 28. Ra2 Rb4 29. Kf2 Kf7 30. g4 f5 1/2-1/2

[Event "IECC O email"]
[Site "IECC email"]
[Date "1999.01.13"]
[Round "?"]
[White "Mihaylov, Vladimir"]
[Black "Pulkkinen, Kati"]
[Result "1/2-1/2"]
[WhiteElo "1116"]
[BlackElo "1015"]
[PlyCount "67"]
[EventDate "1999.??.??"]
[EventType "tourn (corr)"]
[EventRounds "6"]
[SourceTitle "Corr 2008"]
[Source "ChessBase"]
[SourceDate "2008.06.24"]
[SourceVersion "1"]
[SourceVersionDate "2008.06.24"]
[SourceQuality "1"]

1. e4 c5 2. Nc3 d6 3. Bc4 Be6 4. Bxe6 fxe6 5. Qh5+ g6 6. Qg4 e5 7. Nd5 Nf6 8. Qe6 Nxd5 9. exd5 Qd7 10. Nf3 Qxe6 11. dxe6 Bh6 12. d3 Bxc1 13. Rxc1 Nc6 14. c3 0-0 15. 0-0 Nd8 16. d4 e4 17. Ng5 cxd4 18. cxd4 d5 19. Rc7 h6 20. Nf7 Nxf7 21. exf7+ Rxf7 22. Rxb7 e5 23. Rxf7 Kxf7 24. dxe5 Ke6 25. f4 exf3 26. Rxf3 Kxe5 27. Kf2 Rc8 28. Re3+ Kf5 29. Kf3 Rc7 30. g4+ Kf6 31. h4 g5 32. hxg5+ hxg5 33. Rc3 Rxc3+ 34. bxc3 1/2-1/2

[Event "IECC Quad-641 email"]
[Site "IECC email"]
[Date "1998.11.15"]
[Round "?"]
[White "Williamson, Shawn D"]
[Black "Mihaylov, Vladimir"]
[Result "0-1"]
[WhiteElo "899"]
[BlackElo "999"]
[PlyCount "50"]
[EventDate "1998.??.??"]
[EventType "tourn (corr)"]
[EventRounds "6"]
[SourceTitle "Corr 2008"]
[Source "ChessBase"]
[SourceDate "2008.06.24"]
[SourceVersion "1"]
[SourceVersionDate "2008.06.24"]
[SourceQuality "1"]

1. b3 d5 2. Bb2 Nc6 3. e3 e5 4. Nc3 Nf6 5. Qe2 a6 6. 0-0-0 Bd6 7. g4 Bxg4 8. f3 Bh5 9. Nh3 d4 10. exd4 Nxd4 11. Qe3 Bxf3 12. Rg1 Bxd1 13. Kxd1 0-0 14. Qg3 g6 15. Bd3 c5 16. Ng5 e4 17. Qh4 exd3 18. cxd3 h5 19. Nce4 Nxe4 20. Nxe4 Qxh4 21. Nxd6 Qxh2 22. Re1 Qxd6 23. a4 Rfe8 24. Bxd4 Rxe1+ 25. Kxe1 Qxd4 0-1